000 00589 a2200181 4500
020 _a1580531083
040 _aDLC
_bDLC
082 0 0 _a005.8
100 1 _aHassler, Vesna.
245 1 0 _aSecurity fundamentals for e-commerce
_cVesna Hassler ; Pedrick Moore, technical editor.
260 _aBoston, MA :
_bArtech House,
_cc2001.
300 _axxii, 409 p. :
_bill. ;
_c24 cm.
440 0 _aArtech House computer security series.
650 0 _aElectronic commerce
_xSecurity measures.
650 0 _aBroadband communication systems.
700 1 _aMoore, Pedrick.
942 _cBK
_k005.8 HAS
_2ddc
999 _c6712
_d6712